Introduction to Asia / (Record no. 5778)

MARC details
000 -LEADER
fixed length control field 01082nam a22003017a 4500
001 - CONTROL NUMBER
control field 5778
003 - CONTROL NUMBER IDENTIFIER
control field FISKH
005 - DATE AND TIME OF LATEST TRANSACTION
control field 20250122153434.0
008 - FIXED-LENGTH DATA ELEMENTS--GENERAL INFORMATION
fixed length control field 250121b cb ||||| |||| 00| 0 eng d
020 ## - INTERNATIONAL STANDARD BOOK NUMBER
International Standard Book Number 9780439889827
040 ## - CATALOGING SOURCE
Original cataloging agency FISKH
Language of cataloging eng
Transcribing agency FISKH
Modifying agency FISKH
050 ## - LIBRARY OF CONGRESS CALL NUMBER
Classification number DS5.D35
082 ## - DEWEY DECIMAL CLASSIFICATION NUMBER
Classification number 950
100 ## - MAIN ENTRY--PERSONAL NAME
Personal name Dalby, Elizabeth
245 ## - TITLE STATEMENT
Title Introduction to Asia /
Statement of responsibility, etc. by Elizabeth Dalby
250 ## - EDITION STATEMENT
Edition statement First Scholastic printing, November 2006
260 ## - PUBLICATION, DISTRIBUTION, ETC.
Place of publication, distribution, etc. New York :
Name of publisher, distributor, etc. Scholastic ,
Date of publication, distribution, etc. 2005.
300 ## - PHYSICAL DESCRIPTION
Extent 96 pages :
Other physical details color illustrations , maps ;
Dimensions 28 cm .
490 ## - SERIES STATEMENT
Series statement Usborne Introductions
505 ## - FORMATTED CONTENTS NOTE
Formatted contents note Z <br/>
520 ## - SUMMARY, ETC.
Summary, etc. Contains an illustrated introduction to the continent of Asia, and includes information on its geography, counties, and various cultural traditions, with full-color maps, flags, photographs, and links to internet websites for further research.
521 8# - TARGET AUDIENCE NOTE
Target audience note 1150 <br/>
Source Lexile <br/>
521 8# - TARGET AUDIENCE NOTE
Target audience note Z <br/>
Source Raz-Plus <br/>
650 ## - SUBJECT ADDED ENTRY--TOPICAL TERM
Topical term or geographic name entry element social studies
Form subdivision non-fiction
700 ## - ADDED ENTRY--PERSONAL NAME
Personal name Rogers, Kirsteen
Relator term editor
942 ## - ADDED ENTRY ELEMENTS (KOHA)
Source of classification or shelving scheme Dewey Decimal Classification
Koha item type Books
Suppress in OPAC No
Holdings
Withdrawn status Lost status Source of classification or shelving scheme Damaged status Not for loan Collection Home library Current library Shelving location Date acquired Total Checkouts Full call number Barcode Date last seen Price effective from Koha item type
    Dewey Decimal Classification     Non-Fiction Footprints International School Library Network Toul Kork Campus Footprints International School Library Network Toul Kork Campus TTP Secondary Non-Fiction Bookshelves 01/21/2025   DAL 950 DS5.D35 FISSE00949 01/21/2025 01/21/2025 Books